书目信息 |
| 题名: |
高山树线
|
|
| 作者: | 科勒 著 ;吴宁 译 | |
| 分册: | ||
| 出版信息: | 北京 电子工业出版社 2017.07 |
|
| 页数: | 306页 | |
| 开本: | 24cm | |
| 丛书名: | ||
| 单 册: | ||
| 中图分类: | S718.59 | |
| 科图分类: | ||
| 主题词: | 森林生态学 | |
| 电子资源: | ||
| ISBN: | 978-7-121-32089-7 | |
| 000 | 01484nam0 2200301 450 | |
| 001 | 5734 | |
| 005 | 20181020151328.25 | |
| 010 | @a978-7-121-32089-7@b精装@dCNY128.00 | |
| 100 | @a20171018d2017 em y0chiy50 ea | |
| 101 | 1 | @achi@cger |
| 102 | @aCN@b110000 | |
| 105 | @aa z 000yy | |
| 200 | 1 | @a高山树线@9gao shan shu xian@e全球高海拔树木生长上限的功能生态学@f(瑞士)Christian Korner著@g吴宁[等]译 |
| 210 | @a北京@c电子工业出版社@d2017.07 | |
| 215 | @a306页@c图@d24cm | |
| 300 | @a《高山植物功能生态学》姊妹篇 | |
| 304 | @a译者还有:石培礼、易绍良、王金牛 | |
| 305 | @a由Springer Science+Business Media授权出版 | |
| 312 | @a书名原文:Alpine treelines: functional ecology of the global high elevation tree limits | |
| 330 | @a本书采用多学科方法探索了树木生长上限的森林格局、树木形态学、解剖学和气候学等主题,并在此基础上对树线位置的模型模拟、种群繁殖过程、发育、物候和进化等进行了阐述,归纳总结了树木生长过程中碳、水分和养分关系的生理学及胁迫生理学方面的证据,最后以树线历史(古生态学)和全球变化对现在和未来树线影响的分析结尾。 | |
| 510 | 1 | @aLpine treelines@efunctional ecology of the global high elevation tree limits@zeng |
| 517 | 1 | @a全球高海拔树木生长上限的功能生态学@9quan qiu gao hai ba shu mu sheng zhang shang xian de gong neng sheng tai xue |
| 606 | 0 | @a森林生态学 |
| 690 | @aS718.59@v5 | |
| 701 | 1 | @c(瑞士)@a科勒@9ke le@g(Korner, Christian)@f(1949- )@4著 |
| 702 | 0 | @a吴宁@9Wu Ning@4译 |
| 801 | 0 | @aCN@b91MARC@c20171018 |
| 905 | @aMuseLib@dS718.59@e116 | |
| 高山树线:全球高海拔树木生长上限的功能生态学/(瑞士)Christian Korner著/吴宁[等]译.-北京:电子工业出版社,2017.07 |
| 306页:图;24cm |
| 《高山植物功能生态学》姊妹篇 |
| ISBN 978-7-121-32089-7(精装):CNY128.00 |
| 本书采用多学科方法探索了树木生长上限的森林格局、树木形态学、解剖学和气候学等主题,并在此基础上对树线位置的模型模拟、种群繁殖过程、发育、物候和进化等进行了阐述,归纳总结了树木生长过程中碳、水分和养分关系的生理学及胁迫生理学方面的证据,最后以树线历史(古生态学)和全球变化对现在和未来树线影响的分析结尾。 |
| ● |
| 相关链接 |
|
|
|
|
正题名:高山树线
索取号:S718.59/116
 
预约/预借
| 序号 | 登录号 | 条形码 | 馆藏地/架位号 | 状态 | 备注 |
| 1 | 1131027 | 211310277 | 第二样本阅览室/ [索取号:S718.59/116] | 在馆 | |
| 2 | 1131028 | 211310286 | 第三借阅区/ [索取号:S718.59/116] | 在馆 | |
| 3 | 1131029 | 211310295 | 密集书库-生命科学系/ [索取号:S718.59/116] | 在馆 |